Výkonný tím znamená súhru jednotlivcov
Nových zamestnancov treba vyberať tak, aby doplnili ostatné pozície a posilnili výkon skupiny. V tíme by nemal chýbať: inovátor, režisér, vyhľadávač, koordinátor, harmonizátor, realizátor, doťahovač, vyhodnocovač.
Salvato in:
| Natura: | Capitolo di libro |
|---|---|
| Lingua: | slovacco |
| Soggetti: | |
| Tags: |
Nessun Tag, puoi essere il primo ad aggiungerne!!
|
MARC
| LEADER | 00000naa a2200000 4500 | ||
|---|---|---|---|
| 001 | 0192193 | ||
| 005 | 20231208070328.5 | ||
| 041 | 0 | |a slo | |
| 044 | |a SK | ||
| 245 | 1 | 0 | |a Výkonný tím znamená súhru jednotlivcov |
| 520 | |a Nových zamestnancov treba vyberať tak, aby doplnili ostatné pozície a posilnili výkon skupiny. V tíme by nemal chýbať: inovátor, režisér, vyhľadávač, koordinátor, harmonizátor, realizátor, doťahovač, vyhodnocovač. | ||
| 610 | 2 | 0 | |a tímy pracovné |